Aritmética intuitiva. método activo adaptado a la psicología infantil
Gespeichert in:
| 1. Verfasser: | |
|---|---|
| Format: | Buch |
| Sprache: | Spanisch |
| Erschienen: |
Valencia :
Cascabel,
1900
|
| Katalog: | MANES: Suchergebnis im Bibliothekskatalog |
| Schulbuchspezifische Eigenschaften: |
|
| Tags: |
Tag hinzufügen
Keine Tags, Fügen Sie den ersten Tag hinzu!
|
| Hinzugefügt zu: | 09.02.2019 |
| Geändert in: | 07.05.2025 |
MARC
| LEADER | 00000cam a2200000 4500 | ||
|---|---|---|---|
| 005 | 20250507134541.0 | ||
| 008 | 190210Q19001990espa h 0000 00spa0d | ||
| 040 | |a uned |b spa |c entro-manes | ||
| 041 | 0 | |a spa | |
| 100 | 2 | |a Llopis Peidro, A. |9 40362 | |
| 245 | 1 | 0 | |a Aritmética intuitiva. |e Grado preparatorio : |b método activo adaptado a la psicología infantil |c A. Llopis Peidro |
| 260 | |a Valencia : |b Cascabel, |c 1900 | ||
| 300 | |a 32 p. : |b il. | ||
| 546 | |a España | ||
| 561 | |5 es-BUNED |3 L.T. 1839 |a España. Fondo Manes UNED |k MANES | ||
| 690 | 0 | |a MATE | |
| 691 | 0 | |a PRI | |
| 942 | |2 ddc |c BK | ||
| 999 | |c 97049 |d 97049 | ||
| 999 | |c manes:97049 |d 97049 | ||